National Security, Democracy & good governance in post-military rule Nigeria (Vol. 1) (Record no. 41773)

MARC details
000 -LEADER
fixed length control field 00470nam a2200181Ia 4500
020 ## - INTERNATIONAL STANDARD BOOK NUMBER
ISBN 9781524668020
050 ## - CALL MARK
Classification number JQ 3090 .M68/
100 ## - STATEMENT OF RESPONSIBILITY--MAIN AUTHOR NAME
Personal name Mou, Dan
245 #0 - TITLE STATEMENT
Title National Security, Democracy & good governance in post-military rule Nigeria (Vol. 1)
260 ## - PUBLICATION, DISTRIBUTION, ETC. (IMPRINT)
Place of publication Bloomington
260 ## - PUBLICATION, DISTRIBUTION, ETC. (IMPRINT)
Name of publisher AuthorHouse
260 ## - PUBLICATION, DISTRIBUTION, ETC. (IMPRINT)
Year of publication 2017
300 ## - PHYSICAL DESCRIPTION
Number of Pages 846 p
650 ## - SUBJECT ADDED ENTRY--TOPICAL TERM
Topical Term Bloomington
942 ## - ADDED ENTRY ELEMENTS (KOHA)
Koha item type Books
Holdings
Withdrawn status Lost status Source of classification or shelving scheme Damaged status Not for loan Permanent Location Current Location Shelving location Date acquired Accession Number Price effective from Koha item type
    Library of Congress Classification     NILE UNIVERSITY OF NIGERIA - MAIN LIBRARY NILE UNIVERSITY OF NIGERIA - MAIN LIBRARY Items on shelf 06/03/2025 0187549 06/03/2025 Books